00613nam a2200217 u 450000100070000000500170000700800410002402000150006503500110008003500210009104000130011204100080012508200080013310000270014124500540016826000540022230000180027650000410029465000290033565000310036415215620260506075632.0971128s1987 eng  a1555841376 a152156 a(OCoLC)778001931 ccomduadb aeng 4a80910aBayley, John4auteaut14aThe order of battle at trafalgar and other essays aEstados Unidos :bWeidenfeld and Nicolson,c1987. a224 páginas aCompra: Maria Victoria Goez, nov/97. 7aLiteratura moderna2lemb 7aHistoria y crítica2lemb